Indian travels of thevenot and careri (Record no. 18979)

MARC details
000 -LEADER
fixed length control field 00498nam a2200169Ia 4500
008 - FIXED-LENGTH DATA ELEMENTS--GENERAL INFORMATION
fixed length control field 230917s9999||||xx |||||||||||||| ||und||
020 ## - ISBN
Price RS1450
040 ## - CATALOGING SOURCE
-- 234206
Original cataloging agency VIVEKANANDA LIBRARY
041 ## - Language
-- English
082 ## - DDC NUMBER
Classification number 954.0258 S55I
100 ## - MAIN ENTRY--PERSONAL NAME
Personal name Sen, Surendranath
245 #0 - TITLE STATEMENT
Title Indian travels of thevenot and careri
260 ## - PUBLICATION, DISTRIBUTION, ETC. (IMPRINT)
Place of publication, distribution, etc New Delhi
Name of publisher, distributor, etc Asian Educational Services
Date of publication, distribution, etc 2011
300 ## - PHYSICAL DESCRIPTION
Pages lciv, 434 p.
500 ## - GENERAL NOTE
General note 2359 18/08/2016 KB16/165 22/08/2016 Rashtriya Uchchatar Shiksha Abhiyan
942 ## - ADDED ENTRY ELEMENTS (KOHA)
Koha item type Books
Holdings
Withdrawn status Lost status Damaged status Not for loan Location (home branch) Sublocation or collection (holding branch) Date acquired Koha issues (times borrowed) Koha full call number Accession No. Koha date last seen Koha item type
        VIVEKANANDA LIBRARY VIVEKANANDA LIBRARY 22/02/2017 1 954.0258 S55I 358405 23/12/2023 Books
© Designed and Maintained by Vivekananda Library, MDU Rohtak